| 000 | 00650nam a22002297a 4500 | ||
|---|---|---|---|
| 999 |
_c6238 _d6238 |
||
| 003 | AR-CdUCM | ||
| 008 | 190314b ||||| |||| 00| 0 eng d | ||
| 020 | _a968-16-2034-8 | ||
| 040 |
_aMUNICIPALIDAD PROVINCIAL DEL CUSCO _cBIBLIOTECA MUNICIPAL DEL CUSCO |
||
| 082 |
_a869.56 / _bO68 |
||
| 100 |
_aOrmachea Méndez, Lucio _917971 |
||
| 245 | _aCristales de sueño y tierra / | ||
| 260 |
_aCusco : _bMercantil, _c1996. |
||
| 300 |
_a96 páginas ; _c21 cm. |
||
| 500 | _aPoesía | ||
| 650 |
_aPoemas _9315 |
||
| 650 |
_aPoesía cusqueña _92323 |
||
| 650 |
_aLiteratura _9416 |
||
| 650 |
_aCusco _9772 |
||
| 942 |
_2ddc _cLIBROS |
||
| 945 | _admma | ||